00557naa#a2200169#i#4500001001600000005001700016011001400033100004100047102000700088200013400095210005200229215001000281608002700291675003200318700001600350856002100366EN\\bibl\12188020260512215400.2##a1998-6785##a20230321b2023####ek#y0engy0150####ca##aRU1#aThe Development and Historical Contribution of the Russian Emigrant Press in Harbin (China) in the 1920s–1940seJournal article1#aVladivostokcVladivostok State Universityd2023##a6 с.##aJournal article2local##aЭмиграция. 314.743#1aZhanggMei 4#avvgu.editorum.ru